| 000 | 02297nam a2200445Ia 4500 | ||
|---|---|---|---|
| 001 | ebr10152500 | ||
| 003 | CaPaEBR | ||
| 006 | m u | ||
| 007 | cr cn||||||||| | ||
| 008 | 060905s2006 ne a sb 101 0 eng d | ||
| 010 | _z 2006934006 | ||
| 020 | _z9781586036805 (hd.bd.) | ||
| 020 | _z1586036807 (hd.bd.) | ||
| 024 | 3 | _z9781586036805 (hd.bd.) | |
| 040 |
_aCaPaEBR _cCaPaEBR |
||
| 035 | _a(OCoLC)182529952 | ||
| 050 | 1 | 4 |
_aQ180.E9 _bN38 2006eb |
| 082 | 0 | 4 |
_a338.9/27091822 _222 |
| 111 | 2 |
_aNATO Advanced Research Workshop on Sharing Knowledge Across the Mediterranean Area for Prevention of Catastrophes and Sustainable Management of Water and Energy _d(2005 : _cCasablanca, Morocco) |
|
| 245 | 1 | 0 |
_aSharing knowledge across the Mediterranean area _h[electronic resource] : _btowards a partnership for sustainable management of resources and the prevention of catastrophes / _cedited by Paul Faugeras, Abdeslam Hoummada and Robert Klapisch. |
| 260 |
_aAmsterdam ; _aWashington, DC : _bIOS Press, _c2006. |
||
| 300 |
_axi, 279 p. : _bill. |
||
| 490 | 0 |
_aNATO security through science series. E, Human and societal dynamics, _x1574-5597 ; _vv. 12 |
|
| 500 | _a"Published in cooperation with NATO Public Diplomacy Division." | ||
| 504 | _aIncludes bibliographical references and index. | ||
| 533 |
_aElectronic reproduction. _bPalo Alto, Calif. : _cebrary, _d2009. _nAvailable via World Wide Web. _nAccess may be limited to ebrary affiliated libraries. |
||
| 650 | 0 |
_aResearch _zMediterranean Region _vCongresses. |
|
| 650 | 0 |
_aResearch _xGovernment policy _zEuropean Union countries _vCongresses. |
|
| 650 | 0 |
_aEnergy development _xResearch _zMediterranean Region _vCongresses. |
|
| 650 | 0 |
_aWater resources development _zMediterranean Region _vCongresses. |
|
| 650 | 0 |
_aHazard mitigation _xResearch _zMediterranean Region _vCongresses. |
|
| 655 | 7 |
_aElectronic books. _2local |
|
| 700 | 1 | _aFaugeras, Paul. | |
| 700 | 1 | _aHoummada, Abdeslam. | |
| 700 | 1 | _aKlapisch, Robert. | |
| 710 | 2 |
_aNorth Atlantic Treaty Organization. _bPublic Diplomacy Division. |
|
| 710 | 2 | _aNATO Programme for Security through Science. | |
| 710 | 2 | _aebrary, Inc. | |
| 856 | 4 | 0 |
_uhttp://site.ebrary.com/lib/rucke/Doc?id=10152500 _zAn electronic book accessible through the World Wide Web; click to view |
| 999 |
_c95527 _d95527 |
||